000 00567nam a2200205Ia 4500
005 20250923145604.0
008 008 250917s9999 xx 000 0 eng d
037 _aTextual
040 _aDSWL
_beng
_cDSWL
041 _aeng
_2eng
084 _qDSWL
100 _aKapur, Promilla
_9836904
245 0 _aConflict: Between adolescent girls and parents in India
_c by Promilla Kapur
260 _aNew Delhi
_bDelhi Vision Books
_c1982
300 _axi,128p.
365 _aINR
_b45.00
925 _g45.00
942 _cTEXL
999 _c1453197
_d1453197